| 000 | 00718nam a2200205 i 4500 | ||
|---|---|---|---|
| 001 | 76664 | ||
| 003 | ES-MaACL | ||
| 005 | 20251005063054.0 | ||
| 007 | t| | ||
| 008 | 041004s1921 sp ||||1| spa d | ||
| 100 | 1 |
_aGuillén, Alberto, _d1897-1935 _960758 |
|
| 245 | 1 | 3 |
_aLa linterna de Diógenes / _cAlberto Guillén ; prólogo de Ramón Pérez de Ayala ; epílogo de Ramón Gómez de la Serna. |
| 260 |
_aMadrid : _bAmérica, _c[1921] |
||
| 300 |
_a270 p. ; _c19 cm. |
||
| 650 | 4 |
_aEscritores españoles- _vEntrevistas. _912386 |
|
| 700 | 1 |
_aPérez de Ayala, Ramón, _d1880-1962 _990763 |
|
| 700 | 1 |
_aGómez de la Serna, Ramón, _d1888-1963 _957901 |
|
| 852 |
_aES-MaACL _jF-4635 |
||
| 999 |
_c76664 _d76664 |
||